000
00255nam a2200097Ia 4500
008
230907s9999||||xx |||||||||||||| ||und||
082
_a
621.3
_b
,POW
245
0
_a
Powerfactory applications for power system analysis/
300
_a
xiii,489 p.:
942
_c
BK
999
_c
597620
_d
597620